| Tag |
First Indicator |
Second Indicator |
Subfields |
| LEADER |
00000cam a2200000 a 4500 |
| 001 |
in00000026043 |
| 005 |
20151007055803.0 |
| 008 |
880527s1988 ilu b 00010 eng d |
| 020 |
|
|
|a 0866022082
|
| 035 |
|
|
|a (OCoLC)18007302
|
| 035 |
|
|
|9 AAB9257AM
|
| 040 |
|
|
|a TXA
|c TXA
|d ZXC
|d PIT
|d TXA
|d UtOrBLW
|
| 049 |
|
|
|a TXAM
|c [A11650768]
|
| 050 |
|
4 |
|a Z7164.L3
|b J3 1988
|
| 100 |
1 |
|
|a Jacobs, Harvey Martin,
|d 1952-
|
| 245 |
1 |
0 |
|a Land information systems and land use planning :
|b an annotated bibliography of social, political and institutional issues /
|c Harvey M. Jacobs ; with research assistance from: David S. Kough and Scott L. Cassingham.
|
| 264 |
|
1 |
|a Chicago, Ill. :
|b Council of Planning Librarians,
|c [1988]
|
| 300 |
|
|
|a 23 pages ;
|c 28 cm.
|
| 336 |
|
|
|a text
|b txt
|2 rdacontent
|
| 337 |
|
|
|a unmediated
|b n
|2 rdamedia
|
| 338 |
|
|
|a volume
|b nc
|2 rdacarrier
|
| 490 |
1 |
|
|a CPL bibliography ;
|v no. 208
|
| 500 |
|
|
|a "January 1988."
|
| 650 |
|
0 |
|a Land use
|x Planning
|v Bibliography.
|
| 700 |
1 |
|
|a Kough, David S.
|
| 700 |
1 |
|
|a Cassingham, Scott L.
|
| 830 |
|
0 |
|a CPL bibliography ;
|v no. 208.
|
| 999 |
|
|
|a MARS
|
| 999 |
f |
f |
|s d322c403-12b3-3416-887a-fea85927338c
|i 1e10f8de-8f70-3b46-84a6-7a8ebba5f333
|t 0
|
| 952 |
f |
f |
|p ric
|a Texas A&M University
|b Rellis Campus
|c Joint Library Facility
|d Remote Storage
|t 0
|e Z7164.L3 J3 1988
|h Library of Congress classification
|i unmediated -- volume
|m A14842719438
|
| 998 |
f |
f |
|a Z7164.L3 J3 1988
|t 0
|l Remote Storage
|